003050000a22001090004500090001700000245004200017041001400059100003200073942001300105773006000118999001700178 aASbSeriadas10aDos nuevas Passifloraceas colombianas0 aEspañol1 aUribe Uribe, Lorenzo996776 cARTICULO1 tMutisia: Acta Botánica Colombiana3893h21q1-5d1954 c15317d15317